000
00329 a2200157 4500
001
182475
020
_a
85-85940-76-X
040
_c
Magnum
100
_a
Azevedo, Álvares de
240
1
0
_a
Noite na taverna
_l
por
245
1
0
_a
Noite na taverna
300
_a
73
362
0
_a
1997
697
_a
LITERATURA GERAL
942
_c
BK
999
_c
182475
_d
182475